| 000 | 00608nam a22001697a 4500 | ||
|---|---|---|---|
| 005 | 20251210080018.0 | ||
| 008 | 251204b |||||||| |||| 00| 0 eng d | ||
| 020 | _a9781529380514 | ||
| 082 | _aDC 158.1 Si61 2023 | ||
| 100 |
_aSincero, Jen. _969414 |
||
| 245 |
_aYou are a badass every day : _bhow to keep your motivation strong, your vibe high, and your quest for transformation unstoppable / _cJen Sincero. |
||
| 260 |
_aLondon : _bJohn Murray One, _c©2023. |
||
| 300 |
_a215 pages : _billustrations ; _c20 cm. |
||
| 650 | 0 |
_aMotivation (Psychology). _969434 |
|
| 650 | 0 |
_aSuccess. _969435 |
|
| 942 |
_2ddc _cDC |
||
| 999 |
_c24207 _d24207 |
||